| 000 | 00505nam a22002051c 4500 | ||
|---|---|---|---|
| 001 | a987693691 | ||
| 003 | RU-10907106 | ||
| 005 | 20210531172049.0 | ||
| 008 | 200404s1952 gw |||| 000u ger d | ||
| 040 |
_cRU-10907106 _aRU-10907106 _bger |
||
| 041 | _ager | ||
| 100 | 1 | _aGluckstein, Ygael | |
| 245 | 0 | 0 | _aStalin's satellites in Europe |
| 264 |
_aLondon : _bAllen & Unwin, _c1952 |
||
| 300 | _a333 Seiten | ||
| 650 | _aTitoismus | ||
| 651 | 0 | _aSowjetunion | |
| 651 | 0 | _aOstblock | |
| 942 |
_cMG _2z |
||
| 999 |
_c30537 _d30537 |
||